<?xml version="1.0" encoding="UTF-8"?>
<record
    xmlns:xsi="http://www.w3.org/2001/XMLSchema-instance"
    xsi:schemaLocation="http://www.loc.gov/MARC21/slim http://www.loc.gov/standards/marcxml/schema/MARC21slim.xsd"
    xmlns="http://www.loc.gov/MARC21/slim">

  <leader>00670nam a2200205Ia 4500</leader>
  <controlfield tag="001">67042</controlfield>
  <controlfield tag="003">OSt</controlfield>
  <controlfield tag="005">20150622115229.0</controlfield>
  <controlfield tag="008">150604s9999    xx            000 0 und d</controlfield>
  <datafield tag="020" ind1=" " ind2=" ">
    <subfield code="a">NA</subfield>
  </datafield>
  <datafield tag="040" ind1=" " ind2=" ">
    <subfield code="c">PK-LaUMT</subfield>
  </datafield>
  <datafield tag="082" ind1=" " ind2=" ">
    <subfield code="a"> 954.0312</subfield>
    <subfield code="b">SUN-H</subfield>
  </datafield>
  <datafield tag="100" ind1=" " ind2=" ">
    <subfield code="a">Sunha, N. K.(&#x633;&#x646;&#x6C1;&#x627; &#x627;&#x6CC;&#x646; &#x6A9;&#x6D2;)</subfield>
  </datafield>
  <datafield tag="245" ind1=" " ind2=" ">
    <subfield code="a">Haidar Ali (Urdu)(&#x62D;&#x6CC;&#x62F;&#x631; &#x639;&#x644;&#x6CC;)</subfield>
    <subfield code="c">Sunha, N. K.|Iqtidar Hussain Siddiqi(&#x633;&#x646;&#x6C1;&#x627; &#x627;&#x6CC;&#x646; &#x6A9;&#x6D2; [ &#x627;&#x642;&#x62A;&#x62F;&#x627;&#x631; &#x62D;&#x633;&#x6CC;&#x646; &#x635;&#x62F;&#x6CC;&#x642;&#x6CC;)</subfield>
  </datafield>
  <datafield tag="260" ind1=" " ind2=" ">
    <subfield code="a">Jehlum,Pakistan:(&#x62C;&#x6C1;&#x644;&#x645; &#x60C; &#x67E;&#x627;&#x6A9;&#x633;&#x62A;&#x627;&#x646; )</subfield>
    <subfield code="b">Book Cornor Showroom,(&#x628;&#x6A9; &#x6A9;&#x627;&#x631;&#x646;&#x631; &#x634;&#x648;&#x631;&#x648;&#x645;)</subfield>
    <subfield code="c">2012</subfield>
  </datafield>
  <datafield tag="300" ind1=" " ind2=" ">
    <subfield code="a">378 p.</subfield>
  </datafield>
  <datafield tag="546" ind1=" " ind2=" ">
    <subfield code="a">UR</subfield>
  </datafield>
  <datafield tag="700" ind1=" " ind2=" ">
    <subfield code="a">Iqtidar Hussain Siddiqi</subfield>
  </datafield>
  <datafield tag="942" ind1=" " ind2=" ">
    <subfield code="c">BK</subfield>
    <subfield code="2">ddc</subfield>
  </datafield>
  <datafield tag="999" ind1=" " ind2=" ">
    <subfield code="c">72436</subfield>
    <subfield code="d">72436</subfield>
  </datafield>
  <datafield tag="952" ind1=" " ind2=" ">
    <subfield code="0">0</subfield>
    <subfield code="1">0</subfield>
    <subfield code="4">0</subfield>
    <subfield code="7">0</subfield>
    <subfield code="a">01</subfield>
    <subfield code="b">01</subfield>
    <subfield code="d">2015-06-03</subfield>
    <subfield code="l">2</subfield>
    <subfield code="o"> 954.0312 SUN-H</subfield>
    <subfield code="p">90939</subfield>
    <subfield code="r">2017-03-22 00:00:00</subfield>
    <subfield code="s">2016-10-07</subfield>
    <subfield code="w">2015-06-05</subfield>
    <subfield code="y">BK</subfield>
  </datafield>
</record>
